000 00351nam a22001217a 4500
999 _c2530
_d2530
005 20200916154643.0
008 200916b ||||| |||| 00| 0 eng d
020 _a0673821110
040 _cCML
245 _aMany People, Many Voices.
_cStories of America.
260 _aGlenview, Illinois
_bScott, Foresman and Company.
_c1993
942 _2ddc
_cBK
_hREF